[Event "4NCL/Div2/CHEDP vs. OXF1"]
[Site "Wokefield Park ENG"]
[Date "2008.01.13"]
[Round "6.2"]
[White "Shaw, David A"]
[Black "Lamoureux, Charles"]
[Result "1/2-1/2"]
[WhiteElo "2261"]
[BlackElo "2354"]
[PlyCount "81"]
[EventDate "2008.01.13"]
[EventCountry "ENG"]
[SourceDate "2007.09.15"]

1. e4 c5 2. Nf3 e6 3. d4 cxd4 4. Nxd4 a6 5. c4 Qc7 6. Bd3 Nc6 7. Nxc6 dxc6 8.
Nc3 Nf6 9. O-O e5 10. b3 Be6 11. Bb2 Rd8 12. Qe2 Bc5 13. Kh1 O-O 14. Rad1 Bg4
15. f3 Be6 16. Bb1 b5 17. cxb5 axb5 18. Qc2 Qe7 19. Ne2 Rxd1 20. Rxd1 Nd7 21.
Ng3 g6 22. Qd2 Qh4 23. Rf1 Re8 24. Ne2 Bf8 25. Qc3 Rc8 26. Nc1 b4 27. Qd3 Qe7
28. Qd2 f6 29. Nd3 c5 30. Rc1 c4 31. bxc4 Rxc4 32. Bc2 Qd6 33. Bb3 Rxc1+ 34.
Bxc1 Bxb3 35. axb3 Kf7 36. Nxb4 Qxd2 37. Bxd2 Nc5 38. Nd5 Nxb3 39. Bc3 Bc5 40.
g3 Nc1 41. Kg2 1/2-1/2

[Event "4NCL/Div2/CHEDP vs. OXF1"]
[Site "Wokefield Park ENG"]
[Date "2008.01.13"]
[Round "6.3"]
[White "Wallace, Paul A"]
[Black "Rawlinson, Aidan"]
[Result "1/2-1/2"]
[WhiteElo "2267"]
[BlackElo "2229"]
[PlyCount "30"]
[EventDate "2008.01.13"]
[EventCountry "ENG"]
[SourceDate "2007.09.15"]

1. e4 c5 2. Nc3 e6 3. Nf3 Nc6 4. d4 cxd4 5. Nxd4 Nf6 6. Nxc6 bxc6 7. Bd3 d5 8.
O-O Be7 9. Bf4 O-O 10. Re1 a5 11. e5 Nd7 12. Re3 f5 13. exf6 Nxf6 14. Be5 Bd6
15. Qe2 Ra7 1/2-1/2

[Event "4NCL/Div2/CHEDP vs. OXF1"]
[Site "Wokefield Park ENG"]
[Date "2008.01.13"]
[Round "6.4"]
[White "Eckersley-Waites, Tom"]
[Black "Harman, Kenneth B"]
[Result "1-0"]
[WhiteElo "2215"]
[BlackElo "2173"]
[PlyCount "55"]
[EventDate "2008.01.13"]
[EventCountry "ENG"]
[SourceDate "2007.09.15"]

1. e4 c5 2. Nf3 g6 3. d4 cxd4 4. Nxd4 Bg7 5. c4 Nc6 6. Nc2 Nf6 7. Nc3 O-O 8.
Be2 d6 9. O-O Bd7 10. Be3 a6 11. Qd2 Ng4 12. Bg5 f5 13. Bxg4 fxg4 14. Nd5 Rf7
15. Rfd1 b5 16. cxb5 axb5 17. Ncb4 Nxb4 18. Qxb4 Be5 19. Qb3 Be6 20. Rd2 Bxd5
21. Rxd5 Qf8 22. Rxb5 Kh8 23. Be3 Rc8 24. a4 h5 25. a5 h4 26. a6 g3 27. hxg3
hxg3 28. fxg3 1-0

[Event "4NCL/Div2/CHEDP vs. OXF1"]
[Site "Wokefield Park ENG"]
[Date "2008.01.13"]
[Round "6.5"]
[White "Lamoureux, Izabelle"]
[Black "Smallbone, Kieran"]
[Result "0-1"]
[WhiteElo "2095"]
[BlackElo "2230"]
[PlyCount "98"]
[EventDate "2008.01.13"]
[EventCountry "ENG"]
[SourceDate "2007.09.15"]

1. e4 c6 2. d4 d5 3. Nd2 dxe4 4. Nxe4 Bf5 5. Ng3 Bg6 6. Nf3 Nd7 7. h4 h6 8. h5
Bh7 9. Bd3 Bxd3 10. Qxd3 e6 11. Bf4 Qa5+ 12. Bd2 Bb4 13. Ne4 Bxd2+ 14. Qxd2
Qxd2+ 15. Nfxd2 Ke7 16. O-O-O Ngf6 17. Nxf6 Nxf6 18. f3 Rhd8 19. Ne4 Rd5 20.
Nxf6 gxf6 21. g4 Rad8 22. c3 f5 23. gxf5 Rxf5 24. Rh3 Rg8 25. Rd2 Rgg5 26. Rdh2
Rd5 27. Kc2 Rg1 28. Rf2 Kf6 29. f4 Rg4 30. Kd3 c5 31. Ke4 cxd4 32. cxd4 Rg1 33.
Rd2 Re1+ 34. Kf3 Kf5 35. Rh4 Re4 36. Rg4 Rexd4 37. Rxd4 Rxd4 38. Rg7 Rxf4+ 39.
Kg3 Ke5 40. Rh7 Rf6 41. Rh8 Kd6 42. Rd8+ Kc7 43. Re8 Rf5 44. Kg4 Rg5+ 45. Kh4
Kd7 46. Rh8 Ke7 47. Rxh6 Rg8 48. Rh7 e5 49. h6 Kf6 0-1

[Event "4NCL/Div2/CHEDP vs. OXF1"]
[Site "Wokefield Park ENG"]
[Date "2008.01.13"]
[Round "6.6"]
[White "Coleman, James"]
[Black "Hamblin, David J"]
[Result "0-1"]
[WhiteElo "2147"]
[BlackElo "2028"]
[PlyCount "84"]
[EventDate "2008.01.13"]
[EventCountry "ENG"]
[SourceDate "2007.09.15"]

1. d4 Nf6 2. c4 g6 3. Nc3 Bg7 4. e4 d6 5. f4 O-O 6. Nf3 c5 7. d5 e6 8. Be2 exd5
9. exd5 Re8 10. O-O Bf5 11. Bd3 Qd7 12. Qc2 Na6 13. a3 Nc7 14. Nh4 Bxd3 15.
Qxd3 Ng4 16. Nf3 f5 17. Bd2 Re7 18. b4 b6 19. bxc5 bxc5 20. Rab1 Qc8 21. Nb5
Nxb5 22. Rxb5 h6 23. Rfb1 Qf8 24. h3 Nf6 25. Nh4 Kh7 26. Qg3 Qf7 27. Nf3 Ne4
28. Qh4 Bf6 29. Ng5+ Bxg5 30. fxg5 h5 31. Qf4 Qg7 32. Rc1 Qd4+ 33. Be3 Qd3 34.
Kh2 Rae8 35. Bg1 Qxa3 36. Rbb1 Qd3 37. Ra1 Rb8 38. Bxc5 Rb2 39. Bxd6 Nxd6 40.
Qxd6 Rxg2+ 41. Kxg2 Re2+ 42. Kg1 Qe3+ 0-1

[Event "4NCL/Div2/CHEDP vs. OXF1"]
[Site "Wokefield Park ENG"]
[Date "2008.01.13"]
[Round "6.7"]
[White "Butterworth, Andrew"]
[Black "Starkie, Ray"]
[Result "1-0"]
[WhiteElo "2065"]
[BlackElo "2140"]
[PlyCount "69"]
[EventDate "2008.01.13"]
[EventCountry "ENG"]
[SourceDate "2007.09.15"]

1. e4 c5 2. Nf3 g6 3. d4 cxd4 4. Nxd4 Nc6 5. c4 Nf6 6. Nc3 d6 7. Be2 Nxd4 8.
Qxd4 Bg7 9. Be3 O-O 10. Qd2 Be6 11. Rc1 Qa5 12. O-O Rfc8 13. b3 a6 14. Nd5 Qxd2
15. Nxf6+ Bxf6 16. Bxd2 a5 17. a4 Bd4 18. Rfd1 Bc5 19. Bd3 Rc6 20. Kf1 Rb6 21.
Rb1 Bb4 22. Be3 Rc6 23. f4 f5 24. exf5 gxf5 25. Be2 Bc5 26. Bxc5 Rxc5 27. Bf3
Rc7 28. Kf2 Kf7 29. Rd2 Ra6 30. Rbd1 Rb6 31. Rd3 Rb4 32. h3 Rc8 33. g4 Kf6 34.
Re1 Rc7 35. g5+ 1-0

[Event "4NCL/Div2/CHEDP vs. OXF1"]
[Site "Wokefield Park ENG"]
[Date "2008.01.13"]
[Round "6.8"]
[White "Lang, Heather"]
[Black "Edwards, Simon"]
[Result "0-1"]
[WhiteElo "2072"]
[BlackElo "2019"]
[PlyCount "120"]
[EventDate "2008.01.13"]
[EventCountry "ENG"]
[SourceDate "2007.09.15"]

1. e4 e5 2. Nf3 Nc6 3. Bb5 a6 4. Ba4 Nf6 5. d4 b5 6. Bb3 Nxd4 7. Nxd4 exd4 8.
e5 Bb7 9. exf6 Qxf6 10. Qe2+ Be7 11. O-O O-O 12. c3 Bd6 13. cxd4 Rae8 14. Qh5
Qxd4 15. Bd2 Re5 16. Qh3 Qe4 17. Nc3 Qg6 18. Bd1 b4 19. Bf4 bxc3 20. Bxe5 Bxe5
21. Bh5 Qg5 22. bxc3 Bxc3 23. Rab1 Bxg2 24. Bxf7+ Rxf7 25. Rb8+ Rf8 26. Rxf8+
Kxf8 27. Qxg2 Qxg2+ 28. Kxg2 Ke7 29. Rc1 Ba5 30. Rc4 Bb6 31. Rh4 h6 32. Rg4 Kf6
33. h4 d5 34. Kf3 g5 35. h5 Kf5 36. Rg1 Bd4 37. Rb1 Bb6 38. Rb4 d4 39. Ke2 Kg4
40. Ra4 a5 41. Rc4 Kxh5 42. f3 g4 43. fxg4+ Kxg4 44. Rc6 Kg5 45. Kd3 h5 46. Re6
h4 47. Re7 h3 48. Rh7 Kg4 49. a4 c5 50. Kc4 Bd8 51. Rg7+ Bg5 52. Rh7 Bh4 53.
Rg7+ Kf3 54. Rf7+ Kg2 55. Rg7+ Bg3 56. Kxc5 h2 57. Rh7 d3 58. Kc4 d2 59. Rd7
Bf4 60. Rg7+ Kf3 0-1

[Event "4NCL/Div2/PAP vs. GUI3"]
[Site "Wokefield Park ENG"]
[Date "2008.01.13"]
[Round "6.1"]
[White "Ward, Chris G"]
[Black "Thompson, Ian D"]
[Result "1-0"]
[WhiteElo "2440"]
[BlackElo "2313"]
[PlyCount "43"]
[EventDate "2008.01.13"]
[EventCountry "ENG"]
[SourceDate "2007.09.15"]

1. d4 d5 2. c4 e6 3. Nc3 c6 4. Nf3 Nf6 5. Bg5 h6 6. Bxf6 Qxf6 7. Qb3 Nd7 8. e4
dxc4 9. Bxc4 b5 10. Be2 e5 11. d5 b4 12. dxc6 Qxc6 13. Nxe5 Nxe5 14. Bb5 bxc3
15. O-O Bd7 16. Bxc6 Nxc6 17. Rad1 Rd8 18. Qxc3 Ne7 19. Qc7 h5 20. Rxd7 Rxd7
21. Qb8+ Rd8 22. Qb5+ 1-0

[Event "4NCL/Div2/PAP vs. GUI3"]
[Site "Wokefield Park ENG"]
[Date "2008.01.13"]
[Round "6.2"]
[White "Sharpe, Ian"]
[Black "Summerscale, Aaron"]
[Result "1/2-1/2"]
[WhiteElo "2290"]
[BlackElo "2475"]
[PlyCount "41"]
[EventDate "2008.01.13"]
[EventCountry "ENG"]
[SourceDate "2007.09.15"]

1. e4 Nf6 2. e5 Nd5 3. d4 d6 4. c4 Nb6 5. exd6 cxd6 6. Nc3 g6 7. Be3 Bg7 8. Qd2
O-O 9. b3 e5 10. Nf3 Nc6 11. d5 Ne7 12. Bh6 Bg4 13. Bxg7 Kxg7 14. Be2 Nf5 15.
O-O Nd7 16. Rac1 Rc8 17. Rfe1 Bxf3 18. Bxf3 Nd4 19. Bd1 Qa5 20. Qb2 Nf6 21. Be2
1/2-1/2

[Event "4NCL/Div2/PAP vs. GUI3"]
[Site "Wokefield Park ENG"]
[Date "2008.01.13"]
[Round "6.3"]
[White "Emms, John M"]
[Black "Tymrakiewicz, Rafal"]
[Result "1-0"]
[WhiteElo "2502"]
[BlackElo "2273"]
[PlyCount "80"]
[EventDate "2008.01.13"]
[EventCountry "ENG"]
[SourceDate "2007.09.15"]

1. e4 Nf6 2. e5 Nd5 3. d4 d6 4. Nf3 Bg4 5. Be2 e6 6. O-O Be7 7. c4 Nb6 8. Nc3
O-O 9. Be3 Nc6 10. exd6 cxd6 11. d5 exd5 12. Nxd5 Nxd5 13. Qxd5 Bf6 14. Rfd1
Qa5 15. Qxa5 Nxa5 16. Bd4 Rfe8 17. Kf1 Be7 18. b3 Nc6 19. Bb2 a5 20. Nd4 Bxe2+
21. Nxe2 a4 22. Nf4 axb3 23. axb3 Rxa1 24. Rxa1 Rb8 25. Nd5 Bf8 26. Nb6 Rd8 27.
Bc3 g6 28. b4 Bg7 29. Bxg7 Kxg7 30. b5 Ne5 31. Rd1 Kf6 32. f4 Ng4 33. Kg1 Ke7
34. Nd5+ Kf8 35. h3 Nh6 36. Nb6 Ke7 37. g4 f5 38. g5 Nf7 39. Re1+ Kf8 40. Re6
Kg8 1-0

[Event "4NCL/Div2/PAP vs. GUI3"]
[Site "Wokefield Park ENG"]
[Date "2008.01.13"]
[Round "6.4"]
[White "Cooksey, Paul S"]
[Black "Milliet, Sophie"]
[Result "1-0"]
[WhiteElo "2258"]
[BlackElo "2376"]
[PlyCount "49"]
[EventDate "2008.01.13"]
[EventCountry "ENG"]
[SourceDate "2007.09.15"]

1. d4 Nf6 2. Bg5 c5 3. Bxf6 gxf6 4. d5 Qb6 5. Qc1 f5 6. c4 Bg7 7. Nc3 O-O 8. e3
e5 9. Bd3 Qg6 10. Nge2 d6 11. Qd2 Nd7 12. g4 Qxg4 13. Rg1 Qh4 14. Bxf5 Nb6 15.
Ng3 Nxc4 16. Qe2 Kh8 17. Bxc8 Raxc8 18. Nf5 Qxh2 19. O-O-O Nxe3 20. Qxe3 Rg8
21. Rh1 Qg2 22. Rdg1 Bh6 23. Nxh6 Qxg1+ 24. Rxg1 Rxg1+ 25. Kc2 1-0

[Event "4NCL/Div2/PAP vs. GUI3"]
[Site "Wokefield Park ENG"]
[Date "2008.01.13"]
[Round "6.5"]
[White "Flear, Christine"]
[Black "Jackson, Adrian"]
[Result "1/2-1/2"]
[WhiteElo "2161"]
[BlackElo "2209"]
[PlyCount "70"]
[EventDate "2008.01.13"]
[EventCountry "ENG"]
[SourceDate "2007.09.15"]

1. d4 Nf6 2. c4 e6 3. a3 c5 4. d5 exd5 5. cxd5 d6 6. Nc3 g6 7. Nf3 Bg7 8. h3
O-O 9. Bf4 b5 10. e3 a6 11. Rc1 Bb7 12. b4 cxb4 13. axb4 Re8 14. Qb3 Qe7 15.
Bd3 Nbd7 16. O-O Rac8 17. e4 Nb6 18. Nd2 Nfd7 19. Be3 Qf6 20. Ne2 Qb2 21. Rb1
Qxb3 22. Nxb3 Na4 23. Na5 Ba8 24. Rb3 Ne5 25. Bb1 Nc4 26. Nxc4 Rxc4 27. Bd3 Rc7
28. Bf4 Be5 29. Bxe5 Rxe5 30. Nd4 Re8 31. Nxb5 axb5 32. Bxb5 Rxe4 33. Bxa4 Bxd5
34. Rb2 Ra7 35. Rd1 Rxa4 1/2-1/2

[Event "4NCL/Div2/PAP vs. GUI3"]
[Site "Wokefield Park ENG"]
[Date "2008.01.13"]
[Round "6.6"]
[White "Richardson, Keith B"]
[Black "Winkelmann, Elena"]
[Result "1-0"]
[WhiteElo "2217"]
[BlackElo "2065"]
[PlyCount "111"]
[EventDate "2008.01.13"]
[EventCountry "ENG"]
[SourceDate "2007.09.15"]

1. c4 c5 2. Nc3 g6 3. Nf3 Bg7 4. e3 Nc6 5. d4 cxd4 6. exd4 d6 7. d5 Ne5 8. Nxe5
Bxe5 9. Be2 Bg7 10. O-O Nf6 11. Be3 O-O 12. Rc1 Bd7 13. Qd2 h5 14. Bd4 Bf5 15.
Rfd1 Qd7 16. f3 Kh7 17. Re1 Bh6 18. Be3 Bxe3+ 19. Qxe3 a6 20. Bf1 Rfe8 21. Qd4
Rac8 22. Rcd1 Qc7 23. Re3 Kg7 24. h3 Qc5 25. Qxc5 Rxc5 26. g4 hxg4 27. hxg4 Bd7
28. Rde1 Kf8 29. Kf2 g5 30. Kg3 e5 31. Bd3 Kg7 32. Rh1 Rcc8 33. Re2 Rh8 34.
Reh2 Rxh2 35. Rxh2 b6 36. a3 a5 37. Rh1 Rc7 38. Kf2 e4 39. Nxe4 Nxe4+ 40. fxe4
Bxg4 41. Rg1 Bc8 42. Rxg5+ Kf6 43. Rg1 Ba6 44. Ke3 Rc8 45. Kd4 a4 46. Rb1 Ke7
47. b3 axb3 48. Rxb3 Rb8 49. a4 Kd7 50. Rb2 Kc7 51. Rf2 Rf8 52. e5 dxe5+ 53.
Kxe5 Re8+ 54. Kd4 Rf8 55. Rf6 Bb7 56. c5 1-0

[Event "4NCL/Div2/PAP vs. GUI3"]
[Site "Wokefield Park ENG"]
[Date "2008.01.13"]
[Round "6.7"]
[White "Forbes, Cathy"]
[Black "Shepley, Julien M"]
[Result "0-1"]
[WhiteElo "2104"]
[BlackElo "2123"]
[PlyCount "120"]
[EventDate "2008.01.13"]
[EventCountry "ENG"]
[SourceDate "2007.09.15"]

1. d4 d6 2. Nd2 c6 3. g3 g6 4. Bg2 Bg7 5. Ngf3 Nf6 6. e4 Bg4 7. h3 Bxf3 8. Qxf3
Nfd7 9. Qb3 Qc7 10. c3 a5 11. a4 Na6 12. O-O O-O 13. Nc4 e5 14. Be3 exd4 15.
cxd4 Rfd8 16. Rfd1 Nb4 17. Rac1 Nf8 18. f4 d5 19. exd5 cxd5 20. Ne5 Qd6 21. Bd2
Ne6 22. Bxb4 axb4 23. Qc2 Qb6 24. Kh2 b3 25. Qc3 Rxa4 26. Rd3 Rb4 27. h4 Nxd4
28. Qc7 Qxc7 29. Rxc7 Bxe5 30. fxe5 Ne6 31. Rcc3 d4 32. Rc1 b6 33. Rf1 Rb5 34.
Rdf3 Rd7 35. Bh3 Rxe5 36. Rxb3 Re2+ 37. Kg1 d3 38. Rd1 d2 39. Bg4 Re4 40. Bf3
Rc4 41. Rxb6 Nd4 42. Kf2 Nxf3 43. Kxf3 Rd3+ 44. Ke2 Rxg3 45. h5 Kg7 46. hxg6
hxg6 47. Rxd2 Rg2+ 48. Kd3 Rxd2+ 49. Kxd2 f5 50. Ke3 Kh6 51. b3 Re4+ 52. Kf3
Kh5 53. b4 g5 54. Rb8 g4+ 55. Kg3 f4+ 56. Kf2 Rc4 57. b5 Rc2+ 58. Ke1 Kh4 59.
Kd1 Rb2 60. Kc1 Rb4 0-1

[Event "4NCL/Div2/PAP vs. GUI3"]
[Site "Wokefield Park ENG"]
[Date "2008.01.13"]
[Round "6.8"]
[White "Samul, Mariana"]
[Black "Yurenok, Maria S"]
[Result "1/2-1/2"]
[WhiteElo "1900"]
[BlackElo "2033"]
[PlyCount "59"]
[EventDate "2008.01.13"]
[EventCountry "ENG"]
[SourceDate "2007.09.15"]

1. e4 c5 2. Nf3 e6 3. d4 cxd4 4. Nxd4 Nc6 5. Be2 Qc7 6. O-O Nf6 7. Nb5 Qb8 8.
Nd2 a6 9. Nc3 b5 10. a3 Nd4 11. Nf3 Nxe2+ 12. Qxe2 Bb7 13. Bg5 Ng4 14. h3 Ne5
15. Bf4 Bd6 16. Nxe5 Bxe5 17. Bxe5 Qxe5 18. Rad1 Rd8 19. Qd3 Bc6 20. Qd6 Qxd6
21. Rxd6 Ke7 22. Rfd1 a5 23. f3 Rb8 24. Na2 Bd5 25. e5 Bxa2 26. Rxd7+ Ke8 27.
b3 a4 28. Ra7 axb3 29. Rdd7 bxc2 30. Re7+ 1/2-1/2

[Event "4NCL/Div2/WRO vs. GUI3"]
[Site "Wokefield Park ENG"]
[Date "2008.03.01"]
[Round "7.1"]
[White "Wells, Peter K"]
[Black "Tymrakiewicz, Rafal"]
[Result "1-0"]
[WhiteElo "2520"]
[BlackElo "2273"]
[PlyCount "82"]
[EventDate "2008.03.01"]
[EventType "team"]
[EventRounds "11"]
[EventCountry "ENG"]
[SourceDate "2007.09.15"]

1. d4 Nf6 2. c4 c5 3. d5 g6 4. Nc3 Bg7 5. e4 d6 6. Bd3 O-O 7. Nf3 e6 8. h3 exd5
9. cxd5 b5 10. Nxb5 Re8 11. O-O Nxe4 12. Re1 a6 13. Qa4 Bd7 14. Qa3 Bf5 15. Bf4
Nd7 {=} 16. Nxd6 Nxd6 17. Bxd6 Qb6 18. Bxf5 Bxb2 19. Qxb2 Qxb2 20. Bxd7 Rxe1+
21. Rxe1 Qxa2 22. Bc6 Rd8 {=} 23. Be7 Rxd5 24. Bf6 Rd8 25. Bxd8 Kg7 26. Bc7 c4
27. Be5+ f6 28. Bd4 c3 29. Rc1 c2 30. Be4 Qe6 31. Bxc2 Qc6 32. Be3 Qb5 33. Nd4
Qe8 34. Bb3 Qb8 35. Ne6+ Kg8 36. Bd5 h5 37. Rc7 Qb1+ 38. Kh2 a5 39. Nf4+ Kf8
40. Bc5+ Ke8 41. Bc6+ Kd8 1-0

[Event "4NCL/Div2/WRO vs. GUI3"]
[Site "Wokefield Park ENG"]
[Date "2008.03.01"]
[Round "7.3"]
[White "McNab, Colin"]
[Black "Granat, Russell G"]
[Result "1/2-1/2"]
[WhiteElo "2439"]
[BlackElo "2266"]
[PlyCount "99"]
[EventDate "2008.03.01"]
[EventType "team"]
[EventRounds "11"]
[EventCountry "ENG"]
[SourceDate "2007.09.15"]

1. c4 e5 2. Nc3 Nf6 3. Nf3 Nc6 4. a3 d5 5. cxd5 Nxd5 6. Qc2 Be7 7. e3 O-O 8.
Bb5 Nxc3 9. dxc3 Bd6 10. b4 Qe7 11. Bd3 f5 12. e4 f4 13. Bb2 a5 14. Rd1 Be6 15.
Qe2 h6 16. Bc4 Nd8 17. O-O Kh7 18. Bxe6 Nxe6 19. Rd3 g5 20. h3 Rg8 21. Rfd1 Nf8
22. c4 axb4 23. axb4 Qe6 24. c5 Be7 25. Nxe5 Ra2 26. Nd7 Ng6 27. Qc2 g4 28. Qb3
Qxb3 29. Rxb3 gxh3 30. Nf6+ Bxf6 31. Bxf6 Nf8 32. Rxh3 Kg6 33. Be5 Ne6 34. Rhd3
Re2 35. Rd7 Rxe4 36. Bc3 Rc4 37. R1d3 Ra8 38. Re7 Re4 {=} 39. f3 Re2 40. Rd2
Re3 41. Rc2 Ra3 42. Bd2 Kf6 43. Rh7 Kg6 44. Bxe3 Kxh7 45. Bf2 Kg6 46. b5 Ra1+
47. Kh2 Rd1 48. c6 bxc6 49. Rxc6 Kf5 50. b6 1/2-1/2

[Event "4NCL/Div2/WRO vs. GUI3"]
[Site "Wokefield Park ENG"]
[Date "2008.03.01"]
[Round "7.4"]
[White "Jackson, Adrian"]
[Black "Barrett, Steve J"]
[Result "1/2-1/2"]
[WhiteElo "2209"]
[BlackElo "2257"]
[PlyCount "52"]
[EventDate "2008.03.01"]
[EventType "team"]
[EventRounds "11"]
[EventCountry "ENG"]
[SourceDate "2007.09.15"]

1. e4 c5 2. Nf3 e6 3. d4 cxd4 4. Nxd4 Nf6 5. Nc3 d6 6. Be3 a6 7. f3 b5 8. Qd2
Nbd7 9. O-O-O Nb6 10. g4 Nfd7 11. Bg5 Qc7 12. f4 Bb7 13. Bg2 h6 14. Bh4 Nc4 15.
Qe2 g5 16. fxg5 Be7 17. Nf3 Qc5 18. Rde1 hxg5 19. Bf2 Qb4 20. Nd1 Rc8 21. c3
Qa5 22. Kb1 b4 23. Bd4 e5 24. cxb4 Qxb4 25. Bc3 Qb6 26. Ka1 Nf8 1/2-1/2

[Event "4NCL/Div2/WRO vs. GUI3"]
[Site "Wokefield Park ENG"]
[Date "2008.03.01"]
[Round "7.5"]
[White "Gayson, Peter M"]
[Black "Richardson, Keith B"]
[Result "1/2-1/2"]
[WhiteElo "2250"]
[BlackElo "2217"]
[PlyCount "96"]
[EventDate "2008.03.01"]
[EventType "team"]
[EventRounds "11"]
[EventCountry "ENG"]
[SourceDate "2007.09.15"]

1. e4 g6 2. d4 Bg7 3. Nc3 d6 4. Be3 a6 5. Qd2 b5 6. h4 Nf6 7. f3 Nc6 8. O-O-O
e5 9. Nge2 Bb7 10. g4 h5 11. g5 Nd7 12. f4 exf4 13. Nxf4 Ne7 14. Be2 c6 15.
Rhf1 Qa5 16. a3 Qc7 17. Bd3 O-O 18. Rf2 c5 19. dxc5 Nxc5 20. Bxc5 Qxc5 21. Ncd5
Bxd5 22. exd5 Nxd5 23. Be4 Nc3 24. Bxa8 Nxd1 25. Nd3 Qd4 26. Rf4 Qg1 27. Qxd1
Qxd1+ 28. Kxd1 Rxa8 29. c3 Kf8 30. a4 Rb8 31. a5 Ke7 32. Nb4 Ra8 33. Nd5+ Kf8
34. Nc7 Ra7 35. Ne6+ Kg8 36. Nxg7 Kxg7 37. Rf6 Rd7 38. Kd2 Kf8 39. Kd3 Ke7 40.
Kd4 Rc7 41. b3 Rc5 42. Rf4 Rf5 43. Rxf5 gxf5 44. Ke3 Kd7 45. c4 bxc4 46. bxc4
Ke7 47. Kf3 Kd7 48. Ke3 Ke7 1/2-1/2

[Event "4NCL/Div2/WRO vs. GUI3"]
[Site "Wokefield Park ENG"]
[Date "2008.03.01"]
[Round "7.6"]
[White "Anderton, Matthew N"]
[Black "Adams, David M"]
[Result "1/2-1/2"]
[WhiteElo "2232"]
[BlackElo "2203"]
[PlyCount "47"]
[EventDate "2008.03.01"]
[EventType "team"]
[EventRounds "11"]
[EventCountry "ENG"]
[SourceDate "2007.09.15"]

1. e4 Nf6 2. e5 Nd5 3. d4 d6 4. Nf3 dxe5 5. Nxe5 g6 6. Bc4 c6 7. Nd2 Bg7 8.
Ndf3 O-O 9. O-O Nd7 10. Bb3 Nxe5 11. Nxe5 Be6 12. Qe2 Nc7 13. Rd1 Bxb3 14. axb3
Ne6 15. c3 Qd5 16. b4 Rfd8 17. Re1 Bxe5 18. Qxe5 Qxe5 19. Rxe5 Rd6 20. Be3 a6
21. f3 f6 22. Re4 Kf7 23. Bf2 Rd7 24. Bg3 1/2-1/2

[Event "4NCL/Div2/WRO vs. GUI3"]
[Site "Wokefield Park ENG"]
[Date "2008.03.01"]
[Round "7.7"]
[White "Burnett, Jim"]
[Black "Howell, Christopher"]
[Result "1/2-1/2"]
[WhiteElo "2187"]
[BlackElo "2107"]
[PlyCount "104"]
[EventDate "2008.03.01"]
[EventType "team"]
[EventRounds "11"]
[EventCountry "ENG"]
[SourceDate "2007.09.15"]

1. d4 Nf6 2. Bg5 Ne4 3. Bf4 c5 4. f3 Qa5+ 5. c3 Nf6 6. Nd2 cxd4 7. Nb3 Qb6 8.
Qxd4 Qxd4 9. cxd4 g6 10. Rc1 Nc6 11. e4 Bg7 12. d5 Nh5 13. Be3 Nb4 14. a3 Na6
15. g4 Nf6 16. Bc4 O-O 17. Ne2 d6 18. Kf2 b6 19. Nbd4 Nc5 20. h3 e6 21. b4 exd5
22. exd5 Ncd7 23. Rhd1 Ne5 24. Ba2 Re8 25. Bf4 h5 26. Nb5 Ba6 27. Nxd6 Nexg4+
28. hxg4 Rxe2+ 29. Kg3 hxg4 30. fxg4 Rxa2 31. b5 Rxa3+ 32. Kg2 Ra4 33. Kf3 Bf8
34. bxa6 Rxf4+ 35. Kxf4 Bxd6+ 36. Kf3 Bc5 37. g5 Nd7 38. Re1 Rd8 39. Rc2 Bd4
40. Rc7 b5 41. Re7 Nb8 42. Ke4 Nxa6 43. Kxd4 Nxc7 44. Rxc7 a5 45. Ra7 a4 46.
Ra5 Kf8 47. Kc5 Ke7 48. Kc6 Rd6+ 49. Kc5 f5 50. gxf6+ Rxf6 51. Ra7+ Kd8 52.
Kxb5 Rf4 1/2-1/2

[Event "4NCL/Div2/WRO vs. GUI3"]
[Site "Wokefield Park ENG"]
[Date "2008.03.01"]
[Round "7.8"]
[White "Samul, Mariana"]
[Black "Khakimova, Masura"]
[Result "1/2-1/2"]
[WhiteElo "1900"]
[BlackElo "1978"]
[PlyCount "36"]
[EventDate "2008.03.01"]
[EventType "team"]
[EventRounds "11"]
[EventCountry "ENG"]
[SourceDate "2007.09.15"]

1. e4 d6 2. d4 Nf6 3. Nc3 g6 4. Nf3 Bg7 5. Bc4 O-O 6. Qe2 c6 7. Bg5 b5 8. Bd3
b4 9. Nd1 h6 10. Bxf6 Bxf6 11. Qd2 Bg4 12. Be2 Qb6 13. Qxh6 Bxf3 14. Bxf3 Bxd4
15. O-O Nd7 16. Kh1 Qb5 17. Re1 Rac8 18. Bg4 e6 1/2-1/2

[Event "4NCL/Div2/OXF1 vs. BRI1"]
[Site "Wokefield Park ENG"]
[Date "2008.03.01"]
[Round "7.1"]
[White "Savage, Ben D"]
[Black "Arkell, Keith"]
[Result "1/2-1/2"]
[WhiteElo "2305"]
[BlackElo "2489"]
[PlyCount "135"]
[EventDate "2008.03.01"]
[EventType "team"]
[EventRounds "11"]
[EventCountry "ENG"]
[SourceDate "2007.09.15"]

1. d4 e6 2. e4 d5 3. Nc3 dxe4 4. Nxe4 Bd7 5. Nf3 Bc6 6. Bd3 Nd7 7. O-O Ngf6 8.
Ng3 Be7 9. Re1 O-O 10. c3 Re8 11. Qe2 Bxf3 12. Qxf3 c6 13. Bf4 Nd5 14. Rad1
Nxf4 15. Qxf4 Nf6 16. Ne4 Nxe4 17. Bxe4 Bg5 18. Qf3 Qf6 19. Qxf6 Bxf6 20. Kf1 {
=} Red8 21. Rd3 Rd7 22. Red1 Rad8 23. Ke2 g6 24. g3 h5 25. Bg2 Kg7 26. R1d2 h4
27. Rd1 Rh8 28. Bf3 Bd8 29. Bg2 f5 30. Bf3 Bc7 31. Kf1 Kf6 32. Ke2 g5 33. Bg2
g4 34. Re1 f4 35. gxf4 h3 36. Be4 Bxf4 37. Rg1 Rg7 38. Rh1 Rh5 39. Rdd1 Rb5 40.
b4 a5 41. a3 Rh5 42. Rb1 Rh8 43. b5 cxb5 44. Rxb5 Rc8 45. Kd3 Rgc7 46. Bxb7 Rb8
47. Ba6 Rxb5 48. Bxb5 Bd6 49. f3 Kf5 50. fxg4+ Kxg4 51. Bc4 e5 52. Be6+ Kf3 53.
Bxh3 e4+ 54. Kc2 Bxa3 55. Rf1+ Ke2 56. Rf4 Ke3 57. Rg4 Bd6 58. Bg2 Bf4 59. Kb3
a4+ 60. Kxa4 Rxc3 61. Kb4 Rc2 62. d5 Kd4 63. Kb3 Rd2 64. Rxf4 Rxg2 65. d6 Ke5
66. d7 Rd2 67. Rf7 Ke6 68. Rf4 1/2-1/2

[Event "4NCL/Div2/OXF1 vs. BRI1"]
[Site "Wokefield Park ENG"]
[Date "2008.03.01"]
[Round "7.2"]
[White "Rudd, Jack"]
[Black "Shaw, David A"]
[Result "1-0"]
[WhiteElo "2326"]
[BlackElo "2261"]
[PlyCount "89"]
[EventDate "2008.03.01"]
[EventType "team"]
[EventRounds "11"]
[EventCountry "ENG"]
[SourceDate "2007.09.15"]

1. e4 e6 2. d4 d5 3. Nd2 Nf6 4. e5 Nfd7 5. f4 c5 6. c3 Nc6 7. Ndf3 Qb6 8. a3
cxd4 9. cxd4 Na5 10. b4 Nc4 11. Bxc4 dxc4 12. Bd2 Qc6 13. Ne2 Nb6 14. O-O Bd7
15. Nc3 Be7 16. Qc2 Rc8 17. b5 Qc7 18. a4 O-O 19. Ng5 g6 20. Rf3 f6 21. exf6
Bxf6 22. Rg3 Bxd4+ 23. Kh1 Rf5 24. Qe4 Qd6 25. a5 Na8 26. Qxb7 Nc7 27. Nge4 Qe7
28. b6 axb6 29. axb6 Nd5 30. Rb1 Qd8 31. Nd6 Rb8 32. Qa6 Nxc3 33. Bxc3 Rxf4 34.
Nxc4 Bxc3 35. Rxc3 Bc6 36. Ne3 Bb7 37. Qe2 Qf6 38. Rc7 Rf2 39. Ng4 Bxg2+ 40.
Kg1 Rxe2 41. Nxf6+ Kf8 42. Nxh7+ Ke8 43. Nf6+ Kd8 44. Rd7+ Kc8 45. Rc1+ 1-0